| 000 | 00540nam a22001937a 4500 | ||
|---|---|---|---|
| 003 | OSt | ||
| 008 | 260624b |||||||| |||| 00| 0 eng d | ||
| 020 | _a9780367705046 | ||
| 082 |
_a613.2083 _bG57P |
||
| 100 | _aGoday, Praveen S. | ||
| 245 |
_aPediatric Nutrition for Dietitians _cGoday, Praveen S. |
||
| 250 | _a1st edition | ||
| 260 |
_aBoca Raton _bCRC Press (Taylor & Francis Group) _c2022 |
||
| 300 | _axx. 464 p. | ||
| 650 | _aPediatric | ||
| 650 | _aNutrition for Dietitians | ||
| 700 | _aWalia, Cassandra | ||
| 942 |
_2ddc _cBK |
||
| 999 |
_c52259 _d52259 |
||